L´Argenterie Hispano-Sudaméricaine a l´Epoque Coloniale (Record no. 5569)

MARC details
000 -CABECERA
campo de control de longitud fija 01097nam a2200289 a 4500
001 - NÚMERO DE CONTROL
campo de control BRCA_5880
005 - FECHA Y HORA DE LA ÚLTIMA TRANSACCIÓN
campo de control 20190320205242.0
008 - DATOS DE LONGITUD FIJA--INFORMACIÓN GENERAL
campo de control de longitud fija 160410s1950----sz-a######---#000-0#fre-#
041 ## - CÓDIGO DE LENGUA
Código de lengua del texto/banda sonora o título independiente fre
044 ## - CÓDIGO DEL PAÍS DE LA ENTIDAD EDITORA/PRODUCTORA
Código MARC del país sz
050 #4 - SIGNATURA TOPOGRÁFICA DE LA BIBLIOTECA DEL CONGRESO
Número de clasificación NK7130
Número de documento/Ítem .M88 4 1950
100 1# - ENTRADA PRINCIPAL--NOMBRE DE PERSONA
Nombre de persona Muthmann, Friedrich
9 (RLIN) 10725
245 10 - MENCIÓN DE TÍTULO
Título L´Argenterie Hispano-Sudaméricaine a l´Epoque Coloniale
Resto del título essai sur la Collection du Musee d´Etnographie de la Ville de Geneve suivi d´un Catalogue Complet et Raisonne
Mención de responsabilidad, etc. Friedrich Muthmann ; preface du Eugene Pittard.
260 ## - PUBLICACIÓN, DISTRIBUCIÓN, ETC.
Lugar de publicación, distribución, etc. Ginebra, Suiza
Nombre del editor, distribuidor, etc. Trois Collines
Fecha de publicación, distribución, etc. 1950
300 ## - DESCRIPCIÓN FÍSICA
Extensión 179 p.
Otras características físicas il., 40 láminas
Dimensiones 27 cm.
440 #0 - MENCIÓN DE SERIE/PUNTO DE ACCESO ADICIONAL--TÍTULO
Título Documents d´Art et d´Etnographie
Designación de volumen o secuencia 1
9 (RLIN) 14877
500 ## - NOTA GENERAL
Nota general Incluye tabla de materias y tabla de ilustraciones
500 ## - NOTA GENERAL
Nota general Ejemplar numerado 237 de 1,000
500 ## - NOTA GENERAL
Nota general Ejemplar igual a C182, G54, X30 e Y199
500 ## - NOTA GENERAL
Nota general Y18
610 24 - PUNTO DE ACCESO ADICIONAL DE MATERIA--NOMBRE DE ENTIDAD CORPORATIVA
Nombre de entidad corporativa o nombre de jurisdicción como elemento de entrada Museo Etnográfico (Ginebra)
9 (RLIN) 10727
650 14 - PUNTO DE ACCESO ADICIONAL DE MATERIA--TÉRMINO DE MATERIA
Término de materia o nombre geográfico como elemento de entrada Platería
Subdivisión geográfica América del Sur
9 (RLIN) 9212
650 14 - PUNTO DE ACCESO ADICIONAL DE MATERIA--TÉRMINO DE MATERIA
Término de materia o nombre geográfico como elemento de entrada Galerías y museos
Subdivisión geográfica Suiza
9 (RLIN) 10728
700 1# - PUNTO DE ACCESO ADICIONAL--NOMBRE DE PERSONA
Nombre de persona Pittard, Eugene
9 (RLIN) 10729
902 ## - CATALOGADOR
Iniciales GFM
942 ## - ELEMENTOS DE PUNTO DE ACCESO ADICIONAL (KOHA)
Fuente del sistema de clasificación o colocación Library of Congress Classification
Tipo de ítem Koha Libros
Holdings
Estado de retiro Estado de pérdida Estado dañado No para préstamo Localización permanente Ubicación/localización actual Fecha de adquisición Número de inventario Total de préstamos Signatura topográfica completa Código de barras Fecha visto por última vez Precio válido a partir de Tipo de ítem Koha
El ejemplar forma parte de la colección y puede ser consultado según las políticas vigentes.       Biblioteca del Museo Franz Mayer (Rogerio Casas-Alatriste) Biblioteca del Museo Franz Mayer (Rogerio Casas-Alatriste) 16/03/2011 Y18   NK7130 .M88 4 1950 (Y18) 6319 22/03/2019 22/03/2019 Libros